000 00834nam0a2200289 4500
001 RU\NLR\ONL2\6499
005 20250613130032.0
010 _a5-7992-0356-9
_91000
035 _a(NLR Aleph) 009654096
090 _a9582618
_c9582618
100 _a20070113d2005 |||y0rusy50 ca
101 0 _aady
102 _aRU
105 _ay |||||||||
200 1 _aГъашIэм щыщ
_fЕш Сар
210 _aМыекъуапэ
_cГУРИПП "Адыгея"
_d2005
215 _a95,[1] с.
_d20
541 1 _6z01790
_aИз жизни
_zrus
686 1 _aШ6(2=Адыг)7 я44
700 1 _aЕш
_bС.
_gСар
_4070
790 1 _6z01541
_aЕшева
_bС. М.
_gСара Муратовна
_4070
801 0 _aRU
_bNLR
_c20070113
_gPSBO
852 _aNLR
_bОНЛ
_jАдыг./2-1016
942 _cBOOK
980 _aNB
980 _aONL_RF